000 02377nam a2200229Ia 4500
003 Ost
005 20260507075045.0
008 260507s9999||||xx |||||||||||||| ||und||
020 _a9774160845
040 _cfsecg
041 _aara
082 _a381.142
100 _aحجازي، عبد الفتاح بيومي
_eمؤلف
245 0 _aالنظام القانوني لحماية التجارة الاليكترونية :
_b الحماية الجنائية لنظام التجارة الاليكترونية /
_c عبد الفتاح بيومي حجازي
260 _aالاسكندرية:
_bدار الفكر الجامعي,
_c2002
300 _a410 صفحة؛
_bإيضاحات ؛
_c24 سم
504 _aمراجع ص.389
520 _aجرائم التجارة الإليكترونية-الدخول غير المشروع لمواقع التجارة الإليكترونية-الحماية الجنائية للبيانات الشخصية أو الإسمية-المسئولية الجنائية لمقدمى الخدمات الوسيطة في الإنترنت-حماية الأموال في نطاق التجارة الإليكترونية-التعامل في بيانات التجارة الإليكترونية بدون ترخيص-جريمة التصريح عمدا بمعطيات خاطئة-جرائم الإعتداء على التوقيع الإليكتروني-جرائم الإعتداء على البيانات المشفرة-إستغلال المتعامل في البيع الإليكتروني-جريمة التهرب الضريبي في التجارة الإليكترونية-حماية البطاقات الممغنطة كوسيلة وفاء في التجارة الإليكترونية-الحماية الجنائية للتجارة الإليكترونية في بعض القوانين الأوربية والعربية-الحماية الجنائية للتجارة الإليكترونية في فرنسا-الحماية الجنائية للتجارة الإلكترونية في دوقية لكسمبرج-الحماية الجنائية للتجارة الإليكترونية في التشريع المصري-الحماية الجنائية للتجارة الإليكترونية في القانون التونسي
653 _aالالكترونيات
653 _aالتجارة الاليكترونية - قانون
942 _cكتاب
999 _c42555
_d42555